000 01210nam2a22002651 4500
001 rc\333224
005 20250612183405.0
010 _a5-337-00269-4
_97400
035 _a(NLR Aleph) 008783838
090 _a7998947
_c7998947
100 _a20030307d1990 |||y0rusy50 ca
101 0 _arus
102 _aRU
105 _aa |||||||||
200 1 _aБолезни технических культур и картофеля
_f[В.Ф. Пересыпкин, З.А. Пожар, Н.Н. Кирик и др.]
210 _d1990
_aБ. м.
215 _a246 с.
_cил.
320 _aБиблиогр.: с. 234-237 (116 назв.)
320 _aАлф. указ. рус., латин. назв. болезней: с. 238-245
461 0 _1001rc\333222
_12001#$aБолезни сельскохозяйственных структур$eВ 3 т.$fПод общ. ред. В.Ф. Пересыпкина$vТ. 2
_97973544
_cКиев
_d1989-
_fПод общ. ред. В.Ф. Пересыпкина
_nУрожай
_oВ 3 т.
_tБолезни сельскохозяйственных структур
_y5337005030
_vТ. 2
801 0 _aRU
_bNLR
_gpsbo
801 1 _aRU
_bELAR
_2rusmarc
852 _aNLR
_j89-7/1267
942 _cBOOK
980 _aNB